000 01520nam a22002897a 4500
003 OSt
005 20260416134221.0
008 260415t1998 xxu||||| |||| 00| 0 eng d
020 _a1853173282
040 _aUnicoc
_bspa
_c00001
_d00001
082 _a617.643
100 _912955
_aBecker, Adrian
245 _aThe orthodontic treatment of impacted teeth
_c/ Adrian Becker, Martin Dunitz
250 _a1 Ed.
260 _aInglaterra :
_bMartin Dunitz ,
_c1998
300 _a237 páginas
_bIlustraciones, Diagramas, tablas, gráficas
500 _aIncluye Índice y referencias bibliográficas
505 _t1. General principles related to the diagnosis and treatment of impacted teeth. --
_t2. Radiographic methods related to the diagnosis of impacted teeth. --
_t3. Surgical exposure of impacted teeth. --
_t4. Treatment strategy. --
_t5. Maxillary central incisors. --
_t6. Palatally impacted canines. --
_t7. Other single teeth. --
_t8. Impacted teeth in the adult. --
_t9. Cleidocranial dysplasia.
526 _5Unicoc
546 _aInglés
650 0 _912957
_aDientes impactados o retenidos
_vDiagnóstico y tratamiento
650 0 _956
_aCirugía dental
_vDientes retenidos
658 0 _911722
_aEspecialización en Ortodoncia y Ortopedia Maxilar
700 _912956
_aDunitz, Martin
856 _yAcceso online exclusivo para comunidad Unicoc.
_uhttps://unicoceduco-my.sharepoint.com/:b:/g/personal/direccionbiblioteca_unicoc_edu_co/IQDmMaYiWuU-TbpYbhaU_wp6Aea7BO74ZHbtKossBeLqzc4
942 _2ddc
_cEBOOK
999 _c10853
_d10853